Eduardo Arroyo (Record no. 2392)

MARC details
000 - LÍDER
campo de control de longitud fija 00801nam a2200193Ia 4500
008 - ELEMENTOS DE DATOS DE LONGITUD FIJA - INFORMACIÓN GENERAL
campo de control de longitud fija 0000001982 sp a 0000000000spa00
090 ## - NÚMERO DE LLAMADA DE TIPO LC LOCALMENTE ASIGNADO (OCLC)
Número de clasificación (OCLC) (R) PSP00 A77e1
100 1# - ENTRADA PRINCIPAL - NOMBRE PERSONAL
Nombre de la persona Arroyo, Eduardo
Fechas asociadas a un nombre 1937
245 10 - TÍTULO DECLARACIÓN
Título Eduardo Arroyo
Resto del título : 20 años de pintura, 1962-1982
260 ## - PUBLICACIÓN, DISTRIBUCIÓN
Lugar de publicación Madrid : Ministerio de Cultura, Dirección General de Bellas Artes, Archivos y Bibliotecas
Fecha de publicación 1982
300 ## - DESCRIPCIÓN FÍSICA
Alcance 143 p.
Dimensiones / 31 cm.
500 ## - NOTA GENERAL
Nota general Exposición realizada en Salas Pablo Ruiz Picasso, Madrid, MayoJunio, 1982 \ Con el patronazgo del maestro venezolano Jesús Rafael Soto (q.e.p.d.)
600 00 - ENTRADA DE SUJETO AÑADIDO - NOMBRE PERSONAL
Nombre de la persona ARROYO, EDUARDO, 1937 /
Subdivisión general TRABAJOS PICTORICOS
650 14 - ENTRADA DE SUJETO AÑADIDO - TÉRMINO TÓPICO
Término tópico o elemento de entrada del nombre geográfico ARTE CONTEMPORANEO ESPAÑOL
650 14 - ENTRADA DE SUJETO AÑADIDO - TÉRMINO TÓPICO
Subdivisión general CATALOGOS
650 14 - ENTRADA DE SUJETO AÑADIDO - TÉRMINO TÓPICO
Subdivisión general EXPOSICIONES
650 14 - ENTRADA DE SUJETO AÑADIDO - TÉRMINO TÓPICO
Término tópico o elemento de entrada del nombre geográfico PINTORES ESPAÑOLES
650 14 - ENTRADA DE SUJETO AÑADIDO - TÉRMINO TÓPICO
Término tópico o elemento de entrada del nombre geográfico PINTURA ESPAÑOLA
Holdings
Estado de retirada Pérdida de estatus Estado dañado No para préstamo Código de recogida Ubicación permanente Ubicación actual Ubicación de las estanterías Fecha de adquisición Número de llamada completo Código de barras Fecha de la última vez que se vio Número de copia Precio efectivo desde Tipo de artículo Koha
        General ArtNexus ArtNexus General 06/09/2022 P-SP-00 A77E1 2393 06/09/2022 Ej.1 06/09/2022 Libro

Powered by Koha